000 00390nam a22001697a 4500
005 20160618123352.0
008 160618b xxu||||| |||| 00| 0 eng d
020 _a0-07-060093-7
041 _aeng
082 _b8121
100 _aGray, Clifford F and Larson, Erik W
_92205
245 _aProject Management
260 _bTMH
300 _a550
650 _aManagement
_9241
942 _cBK
999 _c3088
_d3087